<?xml version="1.0" encoding="UTF-8"?>
<record
    xmlns:xsi="http://www.w3.org/2001/XMLSchema-instance"
    xsi:schemaLocation="http://www.loc.gov/MARC21/slim http://www.loc.gov/standards/marcxml/schema/MARC21slim.xsd"
    xmlns="http://www.loc.gov/MARC21/slim">

  <leader>02779nam a22004575i 4500</leader>
  <datafield tag="999" ind1=" " ind2=" ">
    <subfield code="c">29024</subfield>
    <subfield code="d">28995</subfield>
  </datafield>
  <controlfield tag="003">EG-ScBUE</controlfield>
  <controlfield tag="005">20201112144639.0</controlfield>
  <controlfield tag="008">200219r20202014cc a   f      001 0 chi d</controlfield>
  <datafield tag="020" ind1=" " ind2=" ">
    <subfield code="a">9787513806190</subfield>
  </datafield>
  <datafield tag="040" ind1=" " ind2=" ">
    <subfield code="a">EG-ScBUE</subfield>
    <subfield code="b">eng</subfield>
    <subfield code="e">rda</subfield>
    <subfield code="c">EG-ScBUE</subfield>
    <subfield code="d">EG-ScBUE</subfield>
  </datafield>
  <datafield tag="041" ind1="0" ind2=" ">
    <subfield code="a">chi</subfield>
    <subfield code="a">eng</subfield>
  </datafield>
  <datafield tag="082" ind1="0" ind2="4">
    <subfield code="a">495.182421</subfield>
    <subfield code="b">WUU</subfield>
    <subfield code="2">22</subfield>
  </datafield>
  <datafield tag="100" ind1="1" ind2=" ">
    <subfield code="a">Wu, Zhongwei,</subfield>
    <subfield code="e">author.</subfield>
    <subfield code="9">7342</subfield>
  </datafield>
  <datafield tag="245" ind1="1" ind2="0">
    <subfield code="a">D&#x101;ngd&#xE0;i Zh&#x14D;ngw&#xE9;n =</subfield>
    <subfield code="b">&#x5F53;&#x4EE3;&#x4E2D;&#x6587; /</subfield>
    <subfield code="c">&#x4E3B;&#x7F16; : &#x5434;&#x4E2D;&#x4F1F; ; &#x7F16;&#x8005; : &#x5434;&#x4E2D;&#x4F1F; [and three others] ; Yvonne L. Walls, Jan W. Walls ; &#x8BD1;&#x6587;&#x5BA1;&#x6821; Jerry Schmidt = Contemporary Chinese / Zhongwei Wu ; edited by Shunjin Gao [and three others] ; translated by Xu Wei, Yvonne L. Walls, Jan W. Walls ; translation reviewer, Jerry Schmidt.</subfield>
  </datafield>
  <datafield tag="246" ind1="3" ind2="1">
    <subfield code="a">&#x5F53;&#x4EE3;&#x4E2D;&#x6587;</subfield>
  </datafield>
  <datafield tag="246" ind1="3" ind2="1">
    <subfield code="a">Contemporary Chinese</subfield>
  </datafield>
  <datafield tag="250" ind1=" " ind2=" ">
    <subfield code="a">Revised edition =</subfield>
    <subfield code="b">&#x4FEE;&#x8BA2;&#x7248;.</subfield>
  </datafield>
  <datafield tag="250" ind1=" " ind2=" ">
    <subfield code="a">Sixth printing =</subfield>
    <subfield code="b">&#x7B2C;&#x516D;&#x6B21;&#x5370;&#x5237;.</subfield>
  </datafield>
  <datafield tag="264" ind1=" " ind2="1">
    <subfield code="a">Beijing :</subfield>
    <subfield code="b">Sinolingua,</subfield>
    <subfield code="c">2020.</subfield>
  </datafield>
  <datafield tag="264" ind1=" " ind2="4">
    <subfield code="c">c2014</subfield>
  </datafield>
  <datafield tag="264" ind1=" " ind2="1">
    <subfield code="a">&#x5317;&#x4EAC; :</subfield>
    <subfield code="b">&#x534E;&#x8BED;&#x6559;&#x5B66;&#x51FA;&#x7248;&#x793E; = Hua yu jiao xue chu ban she,</subfield>
    <subfield code="c">2020.</subfield>
  </datafield>
  <datafield tag="300" ind1=" " ind2=" ">
    <subfield code="a">volume 1 :</subfield>
    <subfield code="b">illustrations ;</subfield>
    <subfield code="c">28 cm</subfield>
  </datafield>
  <datafield tag="336" ind1=" " ind2=" ">
    <subfield code="a">text</subfield>
    <subfield code="b">txt</subfield>
    <subfield code="2">rdacontent</subfield>
  </datafield>
  <datafield tag="337" ind1=" " ind2=" ">
    <subfield code="a">unmediated</subfield>
    <subfield code="b">n</subfield>
    <subfield code="2">rdamedia</subfield>
  </datafield>
  <datafield tag="338" ind1=" " ind2=" ">
    <subfield code="a">volume</subfield>
    <subfield code="b">nc</subfield>
    <subfield code="2">rdacarrier</subfield>
  </datafield>
  <datafield tag="500" ind1=" " ind2=" ">
    <subfield code="a">Parallel text in Chinese and Hanyu Pinyin.</subfield>
  </datafield>
  <datafield tag="500" ind1=" " ind2=" ">
    <subfield code="a">Includes index.</subfield>
  </datafield>
  <datafield tag="505" ind1="2" ind2=" ">
    <subfield code="a">Volume 1. H&#xE0;nz&#xEC;b&#x11B;n = &#x6C49;&#x5B57;&#x672C; = Character Book.</subfield>
  </datafield>
  <datafield tag="520" ind1=" " ind2=" ">
    <subfield code="a">Contemporary Chinese, a complete adult-level textbook series, is tailored to beginners of the Chinese language and is aimed at developing the abilities of listening comprehension, speaking, reading and writing of the language. This series has been widely used at home and abroad since its initial publication. Based on teachers impressions of, and suggestions for, the book over the past decade, the following changes have been made to the revised edition: restructured content and teaching procedures for a greater ease of use for both students and teachers; updated and relevant topics; increased exercises and class activities; two new books: including Testing Materials and Supplementary Reading Materials. The revised edition embodies a new process-oriented, task-based and interactive teaching method.</subfield>
  </datafield>
  <datafield tag="546" ind1=" " ind2=" ">
    <subfield code="a">Text in Chinese and English. Table of contents also in English.</subfield>
  </datafield>
  <datafield tag="650" ind1=" " ind2="7">
    <subfield code="a">Chinese language</subfield>
    <subfield code="v">Textbooks for foreign speakers</subfield>
    <subfield code="x">English.</subfield>
    <subfield code="2">BUEsh</subfield>
  </datafield>
  <datafield tag="650" ind1=" " ind2="7">
    <subfield code="a">Chinese language</subfield>
    <subfield code="x">Study and teaching</subfield>
    <subfield code="x">Foreign speakers.</subfield>
    <subfield code="2">BUEsh</subfield>
  </datafield>
  <datafield tag="650" ind1=" " ind2="7">
    <subfield code="a">Chinese characters.</subfield>
    <subfield code="2">BUEsh</subfield>
  </datafield>
  <datafield tag="653" ind1=" " ind2=" ">
    <subfield code="b">HHUUCCHH</subfield>
    <subfield code="c">November2020</subfield>
  </datafield>
  <datafield tag="700" ind1="1" ind2=" ">
    <subfield code="a">Gao, Shunjin,</subfield>
    <subfield code="e">editor.</subfield>
    <subfield code="9">23395</subfield>
  </datafield>
  <datafield tag="700" ind1="1" ind2=" ">
    <subfield code="a">Wei, Xu, </subfield>
    <subfield code="e">translator.</subfield>
  </datafield>
  <datafield tag="700" ind1="1" ind2=" ">
    <subfield code="a">Walls, Yvonne L.,</subfield>
    <subfield code="e">translator.</subfield>
  </datafield>
  <datafield tag="700" ind1="1" ind2=" ">
    <subfield code="a">Walls, Jan W.,</subfield>
    <subfield code="e">translator.</subfield>
  </datafield>
  <datafield tag="700" ind1="1" ind2=" ">
    <subfield code="a">Schmidt, J. D.&#x200F; (Jerry Dean),&#x200F;</subfield>
    <subfield code="d">1946-</subfield>
    <subfield code="e">reviewer for English language.</subfield>
  </datafield>
  <datafield tag="942" ind1=" " ind2=" ">
    <subfield code="2">ddc</subfield>
    <subfield code="c">BB</subfield>
  </datafield>
  <datafield tag="952" ind1=" " ind2=" ">
    <subfield code="0">0</subfield>
    <subfield code="1">0</subfield>
    <subfield code="2">ddc</subfield>
    <subfield code="4">0</subfield>
    <subfield code="7">0</subfield>
    <subfield code="8">Baccah</subfield>
    <subfield code="a">MAIN</subfield>
    <subfield code="b">MAIN</subfield>
    <subfield code="c">2ND</subfield>
    <subfield code="d">2020-11-12</subfield>
    <subfield code="e">Purchase</subfield>
    <subfield code="g">810.00</subfield>
    <subfield code="l">0</subfield>
    <subfield code="o">495.182421 WUU</subfield>
    <subfield code="p">000050073</subfield>
    <subfield code="r">2025-07-15 00:00:00</subfield>
    <subfield code="v">1012.50</subfield>
    <subfield code="w">2020-11-12</subfield>
    <subfield code="y">BB</subfield>
  </datafield>
</record>
